Losowe hiszpańskie słowa #2 - Statystyki

Ogólne statystyki
  • Ten quiz został rozwiązany 2 101 razy
  • Średni wynik to 14 z 24
Statystyki odpowiedzi
Hiszpański Polski % Poprawnych
hola cześć
99%
biblioteca biblioteka
93%
grande duży
87%
casa dom
80%
chica dziewczyna
77%
primero pierwszy
76%
gato kot
74%
hermano brat
62%
muy naprawdę
61%
nosotros my
60%
hombre mężczyzna
59%
ciudad miasto
59%
queso ser
59%
mañana jutro
53%
siempre zawsze
52%
baño łazienka
48%
cerveza piwo
48%
corazón serce
43%
río rzeka
41%
fuego ogień
39%
país państwo
37%
guerra wojna
32%
caliente gorący
25%
pez ryba
23%
Nie znaleziono quizów pasujących do podanych kryteriów
Rozkład punktacji
Procent ludzi z każdym wynikiem
Percentyl według liczby udzielonych odpowiedzi
Twoja historia wyników
Nie rozwiązałeś tego quizu